100 actrices françaises aujourd'hui disparues (par image) - Statistiques

Statistiques générales
  • Ce quiz a été pris 78 fois
  • Le résultat moyen est 22 sur 100
Statistiques - réponses
Par images Réponse % Correct
Anémone
83%
Simone Signoret
83%
Mireille Darc
72%
Annie Girardot
70%
Jeanne Fusier-Gir
70%
Arletty
66%
Danielle Darrieux
64%
Claude Gensac
60%
Michèle Morgan
60%
Jacqueline Maillan
55%
Françoise Dorléac
53%
Jeanne Moreau
53%
Pauline Lafont
51%
Anouk Aimée
49%
Maria Schneider
45%
Marie Laforêt
45%
Micheline Dax
45%
Maria Pacôme
43%
Marie Dubois
43%
Mylène Demongeot
43%
Jackie Sardou
40%
Stéphane Audran
40%
Micheline Presle
38%
Suzanne Flon
38%
Rosy Varte
36%
Marie-José Nat
32%
Suzy Delair
32%
Denise Grey
28%
Marie-France Pisier
28%
Orane Demazis
28%
Pauline Carton
28%
Claude Jade
26%
Colette Brosset
26%
Françoise Rosay
23%
Ginette Garcin
23%
Caroline Cellier
21%
Marion Game
21%
Martine Kelly
21%
Odette Laure
21%
Renée Saint-Cyr
19%
Catherine Lachens
17%
Dany Robin
17%
Gaby Morlay
17%
Gisèle Casadesus
17%
Jacqueline Pagnol
17%
Martine Carol
17%
Paulette Dubost
17%
Ginette Leclerc
15%
Madeleine Robinson
15%
Nicole Courcel
15%
Sophie Desmarets
15%
Danièle Delorme
13%
Dominique Davray
13%
Odette Joyeux
13%
Sylvie
13%
Catherine Spaak
11%
Edwige Feuillère
11%
Hélène Dieudonné
11%
Madeleine Renaud
11%
Perrette Pradier
11%
Yvonne Printemps
11%
Andréa Parisy
9%
Françoise Arnoul
9%
Maria Mauban
9%
Mary Marquet
9%
Yvonne Clec'h
9%
Christiane Muller
6%
Gaby Basset
6%
Jenny Clève
6%
Martine Sarcey
6%
Micheline Luccioni
6%
Alix Mahieux
4%
Charlotte Maury-Sentier
4%
Florence Blot
4%
Gabrielle Dorziat
4%
Gabrielle Fontan
4%
Geneviève Fontanel
4%
Jacqueline Noëlle
4%
Mag-Avril
4%
Nicole Berger
4%
Odile Versois
4%
Renée Faure
4%
Adrienne Servantie
2%
Alida Rouffe
2%
Georgette Anys
2%
Germaine Kerjean
2%
Hélène Tossy
2%
Jacqueline Audry
2%
Juliette Mayniel
2%
Lise Delamare
2%
Marcelle Arnold
2%
Marguerite Moreno
2%
Marie Daems
2%
Milly Mathis
2%
Nicole Maurey
2%
Pascale Audret
2%
Suzy Prim
2%
Yvonne Gaudeau
2%
Françoise Giret
0%
Sophie Grimaldi
0%
Aucun quiz correspondant
Distribution des résultats
% des personnes avec chaque résultat
Percentile par nombre de réponses
Votre historique - résultats
Vous n’avez pas pris ce quiz